| 000 | 01107nam a22003377a 4500 | ||
|---|---|---|---|
| 003 | CHAP | ||
| 005 | 20220329134316.0 | ||
| 008 | 971013c19721967 r 00010 d | ||
| 010 | _a18520 | ||
| 011 | _a19492 | ||
| 035 | _a23577 | ||
| 040 | _cCHAP | ||
| 082 |
_a428.24 _bA5 |
||
| 100 | 0 | 0 |
_aAlexander, L. G. _93824 |
| 245 | _aFirst things first; an integrated course for beginners. Teacher's book | ||
| 260 |
_aLondon ; Longman, _c1972(c.1967) |
||
| 300 |
_a292 p. _b: ilus |
||
| 490 | _aNew concept english | ||
| 590 |
_aBATCH-UPD _b10 _c20130110 _lUCH01 _h0232 |
||
| 590 |
_aBATCH-UPD _b10 _c20130110 _lUCH01 _h1758 |
||
| 590 |
_aBATCH-UPD _b10 _c20130409 _lUCH01 _h2256 |
||
| 590 |
_aBATCH-UPD _b10 _c20130410 _lUCH01 _h1134 |
||
| 590 |
_aBATCH-UPD _b10 _c20130914 _lUCH01 _h1641 |
||
| 590 |
_aCONVERSION _b10 _c20130109 _lUCH01 _h1311 |
||
| 650 | 1 | 4 |
_aInglés _xEstudio y enseñanza. _958340 |
| 650 | 1 | 4 |
_aInglés _xLibros para extranjeros. _958343 |
| 830 | 0 |
_aNew concept english _980978 |
|
| 901 | _aBK | ||
| 942 | _cLIBRO | ||
| 949 |
_a428.24 A5 _bBC _cLIBRO _d33724000611562 _eLIBRO _h29204 _i23577 _si _t90.00 |
||
| 999 |
_c18520 _d18520 |
||